Flagi reprezentacji w Mistrzostwach Świata 1930 - Statystyki

Ogólne statystyki
  • Ten quiz został rozwiązany 37 razy
  • Średni wynik to 13 z 13
Statystyki odpowiedzi
Obrazkowy Odpowiedź % Poprawnych
Argentyna
100%
Belgia
100%
Brazylia
100%
Chile
100%
Francja
100%
Meksyk
100%
Rumunia
100%
Stany Zjednoczone
100%
Urugwaj
100%
Peru
97%
Paragwaj
94%
Boliwia
92%
Jugosławia
89%
Nie znaleziono quizów pasujących do podanych kryteriów
Rozkład punktacji
Procent ludzi z każdym wynikiem
Percentyl według liczby udzielonych odpowiedzi
Twoja historia wyników
Nie rozwiązałeś tego quizu